[Event "Cardiff Welsh Spring op"]
[Site "Cardiff"]
[Date "2023.03.05"]
[Round "4"]
[White "Zografos, Lefteris"]
[Black "Twohig, Tycho"]
[Result "0-1"]
[WhiteElo "1750"]
[BlackElo "1430"]
[PlyCount "66"]
[EventDate "2023.03.04"]
[EventType "swiss"]
[EventRounds "5"]
[EventCountry "WLS"]
[SourceTitle "EXT 2024"]
[Source "ChessBase"]
[SourceDate "2023.10.10"]
[SourceVersion "1"]
[SourceVersionDate "2023.10.10"]
[SourceQuality "1"]

1. e4 g6 2. d4 d6 3. Nc3 Bg7 4. Bg5 h6 5. Bh4 Nc6 6. Nf3 Bg4 7. Bb5 a6 8. Bxc6+ bxc6 9. Qd3 Nf6 10. Nd2 0-0 11. f3 Bd7 12. 0-0 Rb8 13. Nb3 Qc8 14. a3 Re8 15. Rfb1 e5 16. d5 cxd5 17. Bxf6 Bxf6 18. Nxd5 Bg5 19. g3 Bb5 20. c4 Ba4 21. Na5 c6 22. Nc3 Bb3 23. Nxb3 Rxb3 24. Qxd6 Qh3 25. Qd1 Rd8 26. Qf1 Be3+ 27. Kh1 Qh5 28. h4 Rd2 29. Nd1 Bd4 30. a4 Rxf3 31. Qe1 Re3 32. Qf1 Rxg3 33. Ra3 Qxh4+ 0-1

[Event "South Wales Late Summer op"]
[Site "Cardiff"]
[Date "2022.09.04"]
[Round "5"]
[White "May, Adam John"]
[Black "Zografos, Lefteris"]
[Result "1-0"]
[WhiteElo "1941"]
[BlackElo "1749"]
[PlyCount "113"]
[EventDate "2022.09.02"]
[EventType "swiss"]
[EventRounds "5"]
[EventCountry "WLS"]
[SourceTitle "EXT 2024"]
[Source "ChessBase"]
[SourceDate "2023.10.10"]
[SourceVersion "1"]
[SourceVersionDate "2023.10.10"]
[SourceQuality "1"]

1. d4 Nf6 2. Nf3 e6 3. g3 d5 4. Bg2 c5 5. 0-0 cxd4 6. Nxd4 e5 7. Nb3 Be6 8. c4 Nc6 9. Bg5 dxc4 10. N3d2 Rc8 11. Nc3 Be7 12. Qa4 0-0 13. Nxc4 Bxc4 14. Qxc4 Nd4 15. Qa4 Qb6 16. e3 Qxb2 17. exd4 Qxc3 18. dxe5 Qxe5 19. Bf4 Qf5 20. Bxb7 Rc5 21. Rfe1 Ra5 22. Qd1 Bb4 23. Re2 Ra3 24. Re5 Qd3 25. Qxd3 Rxd3 26. Rb1 a5 27. Rc1 Ra3 28. Re2 h6 29. Rd1 g5 30. Bc1 Rc3 31. Bg2 Rcc8 32. Bb2 Bc3 33. Bc1 Rfd8 34. Rf1 Nd5 35. h4 f6 36. hxg5 hxg5 37. Ba3 Bb4 38. Bb2 Nc3 39. Rc2 Nxa2 40. Rxc8 Rxc8 41. Bd5+ Kg7 42. Bxa2 Rc2 43. Rb1 Bc5 44. Bd5 Bxf2+ 45. Kf1 Bxg3 46. Bd4 Rd2 47. Rb7+ Kg6 48. Be4+ Kh5 49. Bf5 g4 50. Rh7+ Kg5 51. Be3+ Kxf5 52. Bxd2 a4 53. Ra7 Kg6 54. Rxa4 f5 55. Kg2 Bc7 56. Ra6+ Kf7 57. Ra7 1-0